000 00343nam a2200145Ia 4500
008 230312s9999||||xx |||||||||||||| ||und||
082 _a657
_bSHU
100 _aShukla, M.C
245 0 _aAvancced Accounting
260 _bS Chand & Co
_aNew Delhi
_c2000
300 _a17.50
546 _aEng.
650 _aAccounting
_vconventions
942 _cBK
999 _c4998
_d4998